00988cam a2200313 450000100060000000300080000600500170001400800390003103500170007003500230008703500270011003500190013703500160015604000280017204100080020008200210020809000160022924500680024526000420031330000280035549000290038350000200041260000450043283000150047770000230049294200120051599900170052795201300054418997BD-RjUL20211209000353.0140223s1937 enk 001 1 eng a(OCoLC)40370 a(OCoLC)ocm00040370 a(CStRLIN)NYCG84-B69088 a(BD-RjUL)19055 a(NNC)263833 aDLCcDLCdNhDdNNCbeng aeng00a822.33bSHA 1937 aPR2827b.F410aShakespeare: A midsummer night's dream /cedited by A. F. Watt. aLondon,bUniversity tutorial :c1937. axxxii, 110 p. ;c19 cm.1 aThe tutorial shakespeare aIncludes index.10aShakespeare, William,d1564-1616.958711 0v35.9587121 aWatt, A. F.958555 2ddccBK c18997d18997 00102ddc4070aRUCLbRUCLcStackd1958-01-25eV. C., RUg0.00l0o822.33 SHA 1937r2014-02-23 00:00:00tC-2w2014-02-23yBK